02476nam a2200253 a 4500001001300000003000900013005001700022008004100039020002900080040003200109041001700141082003000158100003400188245011100222260003300333300002600366490002800392504004800420520159900468546005002067655004402117700003202161830002902193000000397893IT-MiSPE20250324144906.0111212s2011 it 001 u ita d a9788845264634c85,00 € aIT-MiSPEbitadipcIT-MiSPE0 aita lathlat a195-MAR fi te (ppv 23404)1 aFicino, Marsilio,d1433-1499.10aTeologia platonica /cMarsilio Ficino ; saggio introduttivo, traduzione, note e apparati di Errico Vitale. aMilano :bBompiani,c©2011. axci, 2049 p. ;c22 cm1 aIl pensiero occidentale aContiene riferimenti bibliografici e indici aMarsilio Ficino (1433-1499) è tra i maggiori filosofi del Quattrocento. Dalla personalità complessa, egli fu insieme medico, astrologo, teologo, filologo e filosofo, fine traduttore e interprete e sottile pensatore, tanto votato alla più astratta speculazione dialettica, quanto consacrato all'impegno presbiterale, secondo una particolare visione del rapporto tra ricerca filosofica e dignità sacerdotale, fondata sull'unità di ''sapientia'' e ''religio''. Se gli va ascritto il merito di avere, alle soglie dell'età moderna, offerto al mondo latino la conoscenza dei testi fondamentali della tradizione platonica greca, primi fra tutti il ''Corpus platonicum'' e le ''Enneadi'' plotiniane, che ebbero sulla coscienza occidentale un influsso equiparabile a quello esercitato dalle opere di Aristotele sul pensiero medioevale del XIII secolo, nondimeno va riconosciuto che, assumendosi consapevolmente e pienamente il compito di affiancare alle traduzioni che andava svolgendo i necessari strumenti ermeneutici, quali introduzioni e commentari, da un lato egli seppe realizzare una sintesi dottrinaria che assurge alla dignità di un autentico sistema filosofico; dall'altro, come ha affermato il Vasoli, concorse in modo decisivo alla ''nascita'' di una nuova immagine e di un nuovo linguaggio della filosofia, non più patrimonio esclusivo dei magistri, ma presente e operante nella cultura di letterati e filologi, storici e uomini politici e, addirittura, di un nuovo ceto di tecnici e ''artisti'', contribuendo alla fine dell'egemonia aristotelica in seno alle università.  aTraduzione italiana con testo latino a fronte 7aUmanesimoxFicino, Marsilio (1433-1499)1 aVitale, Errico,eed.d1964- 3aIl pensiero occidentale.